Thaikalile parswamukulangal murichu maattanam (Record no. 75334)

MARC details
000 -LEADER
fixed length control field 00232nam a22000977a 4500
100 ## - MAIN ENTRY--AUTHOR NAME
Personal name Rani Jose
245 ## - TITLE STATEMENT
Title Thaikalile parswamukulangal murichu maattanam
260 ## - PUBLICATION, DISTRIBUTION, ETC. (IMPRINT)
Name of publisher Rubber, 699(August): 2024.
300 ## - PHYSICAL DESCRIPTION
Other physical details Malayalam
942 ## - ADDED ENTRY ELEMENTS (KOHA)
Koha item type Journals
Holdings
Withdrawn status Lost status Damaged status Not for loan Home library Current library Date acquired Koha item type
        RRII Library RRII Library 03/09/2024 Journals